000 00187nam a22001097a 4500
040 _cSY
082 _a611
100 _aNA
245 _aSplanchnology
260 _aNA
_bNA
_cNA
942 _cEK
999 _c9808
_d9808